000 00183 a2200097 4500
020 _a9780743451413
041 _aeng
100 _aMcMurtry, Larry
245 _aSin killer
942 _cBK
999 _c31083
_d31081